Auditing / (Record no. 1074)

MARC details
000 -LEADER
fixed length control field 00728cam a22002292 4500
001 - CONTROL NUMBER
control field 0000019379
005 - DATE AND TIME OF LATEST TRANSACTION
control field 20151021151133.0
008 - FIXED-LENGTH DATA ELEMENTS--GENERAL INFORMATION
fixed length control field 101112s xx 000 0 eng d
020 ## - INTERNATIONAL STANDARD BOOK NUMBER
International Standard Book Number 0324784287 :
040 ## - CATALOGING SOURCE
Original cataloging agency KABU
Transcribing agency KABU
100 1# - MAIN ENTRY--PERSONAL NAME
Personal name Gramling, Audrey A.
-- 0000179081
245 10 - TITLE STATEMENT
Title Auditing /
Statement of responsibility, etc. Audrey A. Gramling, Larry E. Rittenberg, Karla M. Johnstone.
250 ## - EDITION STATEMENT
Edition statement 7th ed.
260 ## - PUBLICATION, DISTRIBUTION, ETC. (IMPRINT)
Place of publication, distribution, etc. Mason, OH :
Name of publisher, distributor, etc. South-Western,
Date of publication, distribution, etc. 2010.
300 ## - PHYSICAL DESCRIPTION
Extent xvi, 942 p. +
Accompanying material 1 CD-ROM.
650 #0 - SUBJECT ADDED ENTRY--TOPICAL TERM
Topical term or geographic name as entry element Auditing.
-- 0000151729
700 1# - ADDED ENTRY--PERSONAL NAME
Personal name Rittenberg, Larry E.
-- 0000179082
700 1# - ADDED ENTRY--PERSONAL NAME
Personal name Johnstone, Karla M.
-- 0000179083
852 1# - LOCATION
-- p5850 KES
908 ## - PUT COMMAND PARAMETER (RLIN)
Put command parameter 101112
950 ## - LOCAL HOLDINGS (RLIN)
-- 1
Holdings
Withdrawn status Lost status Source of classification or shelving scheme Not for loan Home library Current library Date acquired Total Checkouts Full call number Barcode Date last seen Price effective from Koha item type Total Renewals Date last checked out
    Library of Congress Classification   Kabarak, Main Campus Kabarak, Main Campus 17/12/2015 2 HF5667 .G73 2010 c. 1 23436 21/10/2022 17/12/2015 General Collection 1 14/10/2022
    Library of Congress Classification   Kabarak, Nakuru City Campus Kabarak, Nakuru City Campus 21/10/2015   HF5667 .G73 2010 c. 1 23274 21/10/2015 21/10/2015 General Collection    
Designed with assistance from East African Informatics Ltd